000 00317nam a22001337a 4500
008 171025b xxu||||| |||| 00| 0 eng d
020 _a9780205140190
041 _aeng
080 _24 DE
_a311
100 _a55
101 _aSTA
245 _aDESCRIPTIVE AND INFERENTAL STATISTICS
_cLOETHER.M
942 _2udc
_cBK
999 _c35877
_d35877